[Event "Nova Gorica op-A 20th"]
[Site "Nova Gorica"]
[Date "2015.02.01"]
[Round "4"]
[White "Grosar, Kiti"]
[Black "Markoja, Boris"]
[Result "0-1"]
[WhiteElo "2111"]
[BlackElo "2306"]
[PlyCount "48"]
[EventDate "2015.01.30"]
[EventType "swiss"]
[EventRounds "9"]
[EventCountry "SLO"]
[SourceTitle "CBM 164 Extra"]
[Source "ChessBase"]
[SourceDate "2015.03.02"]
[SourceVersion "1"]
[SourceVersionDate "2015.03.02"]
[SourceQuality "1"]

1. e4 e6 2. d4 d5 3. e5 c5 4. c3 Nc6 5. a3 Bd7 6. Nf3 Nge7 7. b4 cxd4 8. cxd4 Nf5 9. g4 Nh4 10. Be3 Nxf3+ 11. Qxf3 Be7 12. Nd2 f6 13. b5 Nxe5 14. dxe5 fxe5 15. Nb3 Bf6 16. Rc1 0-0 17. Bc5 Rf7 18. Qg2 b6 19. Bb4 Bh4 20. Rc2 Rc8 21. Rb2 e4 22. g5 Qc7 23. g6 hxg6 24. Kd1 Rf3 0-1

[Event "Nova Gorica op-A 20th"]
[Site "Nova Gorica"]
[Date "2015.02.01"]
[Round "5"]
[White "Savoia, Serge"]
[Black "Grosar, Kiti"]
[Result "1-0"]
[WhiteElo "1832"]
[BlackElo "2111"]
[PlyCount "67"]
[EventDate "2015.01.30"]
[EventType "swiss"]
[EventRounds "9"]
[EventCountry "SLO"]
[SourceTitle "CBM 164 Extra"]
[Source "ChessBase"]
[SourceDate "2015.03.02"]
[SourceVersion "1"]
[SourceVersionDate "2015.03.02"]
[SourceQuality "1"]

1. e4 d5 2. Nc3 d4 3. Nce2 e5 4. d3 c5 5. f4 Nc6 6. Nf3 Bd6 7. g3 f5 8. Bg2 Nf6 9. exf5 exf4 10. Nxf4 Bxf5 11. Qe2+ Qe7 12. Qxe7+ Nxe7 13. 0-0 0-0-0 14. Ng5 Rd7 15. Nf7 Rf8 16. Nxd6+ Rxd6 17. Bd2 g5 18. Nh3 h6 19. Rae1 Be6 20. Re5 b6 21. Bxg5 hxg5 22. Nxg5 Kd7 23. Nxe6 Rf7 24. Bh3 Kc6 25. Bg2+ Kd7 26. Ng5 Rg7 27. h4 Nfd5 28. Rf7 Rxf7 29. Nxf7 Rf6 30. Bxd5 Nxd5 31. Rxd5+ Kc6 32. Rd6+ Rxd6 33. Nxd6 Kxd6 34. Kg2 1-0

[Event "SLO-chT (Women)"]
[Site "Kozje"]
[Date "2008.11.30"]
[Round "5"]
[White "Vucko, Maja"]
[Black "Grosar, Kiti"]
[Result "0-1"]
[WhiteElo "1963"]
[BlackElo "2221"]
[PlyCount "64"]
[EventDate "2008.11.27"]
[EventType "team-tourn"]
[EventRounds "9"]
[EventCountry "SLO"]
[SourceTitle "CBM 127 Extra"]
[Source "ChessBase"]
[SourceDate "2009.01.08"]
[SourceVersion "2"]
[SourceVersionDate "2009.01.28"]
[SourceQuality "1"]

1. e4 c5 2. Nf3 d6 3. d4 cxd4 4. Nxd4 Nf6 5. Nc3 Nc6 6. Be2 e5 7. Nb3 Be7 8. 0-0 0-0 9. Be3 Be6 10. f4 d5 11. exd5 Nxd5 12. Nxd5 Bxd5 13. Qe1 exf4 14. Bf2 Bb4 15. Qd1 Qg5 16. Bf3 Bc4 17. h4 Qg6 18. Bxc6 bxc6 19. Bd4 Rad8 20. Rxf4 h5 21. Qf3 Bd5 22. Qf2 Bd6 23. Rf5 Bg3 24. Qf1 Bxh4 25. Rd1 Rfe8 26. Be5 Bxg2 27. Qxg2 Rxd1+ 28. Kh2 Qxg2+ 29. Kxg2 g6 30. Rf4 Bg5 31. Rd4 Re1 32. Bg3 R1e2+ 0-1

[Event "SLO-chT (Women)"]
[Site "Ljubljana"]
[Date "2007.12.09"]
[Round "9.2"]
[White "Nadvesnik, Maja"]
[Black "Grosar, Kiti"]
[Result "0-1"]
[WhiteElo "1821"]
[BlackElo "2224"]
[PlyCount "82"]
[EventDate "2007.11.29"]
[EventType "team"]
[EventRounds "9"]
[EventCountry "SLO"]
[SourceTitle "CBM 121 Extra"]
[Source "ChessBase"]
[SourceDate "2008.01.10"]
[SourceVersion "1"]
[SourceVersionDate "2008.01.10"]
[SourceQuality "1"]
[WhiteTeam "Komenda (W)"]
[BlackTeam "Nova Gorica (W)"]
[WhiteTeamCountry "SLO"]
[BlackTeamCountry "SLO"]

1. e4 c5 2. Nf3 d6 3. d4 cxd4 4. Nxd4 Nf6 5. Nc3 Nc6 6. Bc4 e6 7. Bb3 a6 8. 0-0 Qc7 9. Kh1 b5 10. f4 b4 11. Na4 Nxe4 12. f5 Nxd4 13. Qxd4 d5 14. fxe6 fxe6 15. Bf4 Qa7 16. Be3 Qxd4 17. Bxd4 Bd7 18. Nb6 Rb8 19. Nxd7 Kxd7 20. Rf7+ Kd6 21. Ra7 Nc5 22. Bxc5+ Kxc5 23. Rxa6 Bd6 24. Ba4 Rb6 25. Ra5+ Kd4 26. Ra7 g5 27. Rd1+ Ke3 28. Re1+ Kd2 29. Rf1 e5 30. Rg7 h6 31. Rf2+ Ke3 32. Rgf7 d4 33. R2f5 e4 34. Kg1 Rc8 35. g3 Kd2 36. Rf2+ Kc1 37. c4 d3 38. Rg2 Rf8 39. Rf1+ Rxf1+ 40. Kxf1 e3 41. Ke1 b3 0-1

[Event "SLO-chT (Women)"]
[Site "Ljubljana"]
[Date "2007.12.02"]
[Round "5.3"]
[White "Grosar, Kiti"]
[Black "Mar, Karmen"]
[Result "1/2-1/2"]
[WhiteElo "2224"]
[BlackElo "2249"]
[PlyCount "85"]
[EventDate "2007.11.29"]
[EventType "team"]
[EventRounds "9"]
[EventCountry "SLO"]
[SourceTitle "CBM 121 Extra"]
[Source "ChessBase"]
[SourceDate "2008.01.10"]
[SourceVersion "1"]
[SourceVersionDate "2008.01.10"]
[SourceQuality "1"]
[WhiteTeam "Nova Gorica (W)"]
[BlackTeam "Triglav Krsko (W)"]
[WhiteTeamCountry "SLO"]
[BlackTeamCountry "SLO"]

1. e4 c5 2. Nf3 d6 3. d4 cxd4 4. Nxd4 Nf6 5. Nc3 e6 6. Be3 a6 7. f4 Qc7 8. a4 b6 9. Be2 Bb7 10. Bf3 Nc6 11. 0-0 Be7 12. Nxc6 Bxc6 13. e5 Nd7 14. Bxc6 Qxc6 15. exd6 Qxd6 16. f5 exf5 17. Rxf5 Qe6 18. Qf3 0-0 19. Nd5 Bd6 20. Bd4 Be5 21. Bxe5 Nxe5 22. Qe4 Nd7 23. Re1 Qxe4 24. Rxe4 Rae8 25. Rxe8 Rxe8 26. Kf2 g6 27. Nf6+ Nxf6 28. Rxf6 Rb8 29. b4 Kf8 30. Ke3 Ke7 31. Rc6 Kd7 32. b5 axb5 33. axb5 Re8+ 34. Kd3 Re6 35. Rc4 Re5 36. Rd4+ Ke7 37. c4 Re1 38. Rh4 h5 39. Rf4 Ke6 40. h4 Rd1+ 41. Ke3 Re1+ 42. Kd3 Rd1+ 43. Ke3 1/2-1/2

[Event "SLO-chT1 (Women)"]
[Site "Otocec"]
[Date "2006.11.11"]
[Round "8"]
[White "Bilbija, Aleksandra"]
[Black "Grosar, Kiti"]
[Result "0-1"]
[WhiteElo "1800"]
[BlackElo "2239"]
[PlyCount "96"]
[EventDate "2006.11.02"]
[EventType "team"]
[EventRounds "9"]
[EventCountry "SLO"]
[SourceTitle "EXT 2008"]
[Source "ChessBase"]
[SourceDate "2007.11.25"]
[SourceVersion "1"]
[SourceVersionDate "2007.11.25"]
[SourceQuality "1"]

1. f4 d5 2. b3 Nc6 3. Nf3 f6 4. e3 e5 5. fxe5 fxe5 6. Bb2 e4 7. Ne5 Qh4+ 8. g3 Qg5 9. Nxc6 bxc6 10. Nc3 Bd6 11. Qe2 Ne7 12. Qg2 Bd7 13. 0-0-0 0-0 14. Be2 Nf5 15. Kb1 a5 16. g4 Nh4 17. Qg1 c5 18. a4 Bc6 19. Bb5 Bxb5 20. Nxb5 Be5 21. Bxe5 Qxe5 22. Qg3 Qxg3 23. hxg3 c6 24. gxh4 cxb5 25. Rhf1 Rfb8 26. Ka2 bxa4 27. bxa4 Rb4 28. Ka3 Rab8 29. Rf5 Rc4 30. c3 d4 31. exd4 cxd4 32. cxd4 Rxd4 33. Re5 h6 34. g5 Kh7 35. Re6 h5 36. Re5 Rd3+ 37. Ka2 Rb4 38. Rxa5 e3 39. Re1 exd2 40. Rd1 Rxh4 41. Rc5 Rxa4+ 42. Kb2 h4 43. Kc2 Rad4 44. Re5 Kg6 45. Ra5 h3 46. Ra6+ Kxg5 47. Ra8 Kg4 48. Rg1+ Rg3 0-1

[Event "SLO-chT (Women)"]
[Site "Bled"]
[Date "2001.11.24"]
[Round "4"]
[White "Grosar, Kiti"]
[Black "Riznar, Helena"]
[Result "1/2-1/2"]
[WhiteElo "2227"]
[BlackElo "2015"]
[PlyCount "104"]
[EventDate "2001.11.18"]
[EventType "team"]
[EventRounds "5"]
[EventCountry "SLO"]
[SourceTitle "EXT 2003"]
[Source "ChessBase"]
[SourceDate "2002.11.25"]
[SourceVersion "1"]
[SourceVersionDate "2002.11.25"]
[SourceQuality "1"]

1. e4 c5 2. Nf3 e6 3. d4 cxd4 4. Nxd4 Nc6 5. Nc3 Qc7 6. Be3 a6 7. Be2 Nf6 8. 0-0 Be7 9. f4 d6 10. Bf3 0-0 11. Qe1 Nxd4 12. Bxd4 e5 13. Be3 exf4 14. Bxf4 Be6 15. Kh1 Nd7 16. Qg3 Ne5 17. Bxe5 dxe5 18. Bg4 b5 19. Bf5 g6 20. Nd5 Bxd5 21. exd5 Kh8 22. Be4 Rad8 23. Rf3 f5 24. Rc3 Qb8 25. Bf3 Bd6 26. Be2 Rc8 27. Rxc8 Rxc8 28. Qb3 Qc7 29. c3 e4 30. h3 Qe7 31. Qd1 Kg8 32. Qd4 Bc5 33. d6 Bxd6 34. a4 Bc5 35. Qd5+ Kg7 36. axb5 Rd8 37. Qc4 axb5 38. Qxb5 Rd2 39. Rd1 e3 40. Rxd2 exd2 41. Qd3 Be3 42. b4 Qa7 43. Bd1 f4 44. c4 Qa1 45. Qd7+ Kh6 46. Qg4 Qf6 47. c5 Kg7 48. Kh2 h5 49. Qd7+ Kh6 50. Qd6 Qa1 51. Qf8+ Kh7 52. Qf7+ Kh6 1/2-1/2

[Event "EU-Cup (Women) 06th"]
[Site "Belgrade"]
[Date "2001.09.21"]
[Round "6"]
[White "Grosar, Kiti"]
[Black "Dragasevic, Antonina"]
[Result "1-0"]
[WhiteElo "2220"]
[BlackElo "2151"]
[PlyCount "77"]
[EventDate "2001.09.16"]
[EventType "team-swiss"]
[EventRounds "7"]
[EventCountry "YUG"]
[SourceTitle "EXT 2013"]
[Source "ChessBase"]
[SourceDate "2012.11.22"]
[SourceVersion "1"]
[SourceVersionDate "2012.11.22"]
[SourceQuality "1"]
[WhiteTeam "Nova Gorica (W)"]
[BlackTeam "Smederevska Palanka Gosa (W)"]
[WhiteTeamCountry "SLO"]
[BlackTeamCountry "YUG"]

1. e4 d6 2. d4 Nf6 3. Nc3 c6 4. Be3 Qb6 5. Rb1 Ng4 6. Bg5 e5 7. Nf3 Nd7 8. Bc4 h6 9. Bh4 exd4 10. Nxd4 Nge5 11. Be2 g5 12. Bg3 Nf6 13. 0-0 Bg4 14. Bxg4 Nfxg4 15. b4 h5 16. Nf5 0-0-0 17. b5 Qc5 18. Rb3 h4 19. Bxe5 Nxe5 20. bxc6 Nxc6 21. Nd5 Qc4 22. Qg4 Kb8 23. Rfb1 Na5 24. Rb5 Qxc2 25. Nd4 Qc4 26. Qd1 Bg7 27. R1b4 Qc8 28. Rxa5 Bxd4 29. Rxd4 h3 30. g3 f5 31. Rda4 a6 32. Qb1 b5 33. Rxa6 Qb7 34. R4a5 b4 35. Rb6 Rh7 36. Rab5 Rdd7 37. Qxb4 fxe4 38. Rxb7+ Rxb7 39. Qxd6+ 1-0

[Event "CRO-chT (Women)"]
[Site "Pula "]
[Date "2001.09.11"]
[Round "2"]
[White "Grzincic, Tihana"]
[Black "Grosar, Kiti"]
[Result "0-1"]
[WhiteElo "2092"]
[BlackElo "2220"]
[PlyCount "72"]
[EventDate "2001.09.10"]
[EventType "team"]
[EventRounds "9"]
[EventCountry "CRO"]
[SourceTitle "CBM 084 Extra"]
[Source "ChessBase"]
[SourceDate "2001.10.26"]
[SourceVersion "1"]
[SourceVersionDate "2001.10.26"]
[SourceQuality "1"]

1. e4 c5 2. Nf3 d6 3. d4 cxd4 4. Nxd4 Nf6 5. Nc3 Nc6 6. Bc4 Qb6 7. Nb3 e6 8. Bd3 a6 9. Be3 Qc7 10. 0-0 Be7 11. f3 b5 12. a3 0-0 13. Qe1 Bb7 14. Qg3 Kh8 15. Rad1 Ne5 16. Kh1 Rac8 17. Bc1 Rfd8 18. Nd4 d5 19. exd5 Nxd3 20. Qxc7 Rxc7 21. Rxd3 Nxd5 22. Nde2 Nxc3 23. Rxd8+ Bxd8 24. Nxc3 Bf6 25. Rd1 h6 26. Rd3 a5 27. Nxb5 Rxc2 28. Rd1 Bd5 29. b4 axb4 30. axb4 g5 31. h3 h5 32. Bd2 g4 33. hxg4 hxg4 34. fxg4 Kg7 35. Kg1 Bc6 36. Na7 Bd4+ 0-1

[Event "CRO Cup (Women)"]
[Site "Pula"]
[Date "2001.??.??"]
[Round "4"]
[White "Cosma, Elena Luminita"]
[Black "Grosar, Kiti"]
[Result "0-1"]
[WhiteElo "2343"]
[BlackElo "2232"]
[PlyCount "104"]
[EventDate "2001.??.??"]
[EventType "team"]
[EventRounds "5"]
[EventCountry "CRO"]
[SourceTitle "EXT 2002"]
[Source "ChessBase"]
[SourceDate "2001.11.25"]
[SourceVersion "1"]
[SourceVersionDate "2001.11.25"]
[SourceQuality "1"]

1. d4 Nf6 2. Nf3 g6 3. g3 Bg7 4. Bg2 0-0 5. 0-0 d6 6. c4 Nc6 7. Nc3 a6 8. Qd3 e5 9. dxe5 Nxe5 10. Nxe5 dxe5 11. Qxd8 Rxd8 12. Bg5 Rd4 13. Be3 Rd8 14. Rfd1 Re8 15. Rac1 Rb8 16. Nd5 Nxd5 17. cxd5 Re7 18. Bc5 Rd7 19. d6 c6 20. Bb6 f5 21. e3 Kf7 22. Bf1 Bf8 23. Bc7 Ra8 24. Bc4+ Ke8 25. Bb3 Bg7 26. Be6 Rxc7 27. Bxc8 Raxc8 28. dxc7 Rxc7 29. e4 Bf6 30. Kf1 Kf7 31. Ke2 Ke6 32. f3 Be7 33. a4 b5 34. axb5 axb5 35. Ra1 Bc5 36. Ra6 Bd4 37. b3 fxe4 38. fxe4 b4 39. Rd3 g5 40. Rf3 Kd6 41. Kd3 Kc5 42. Ra5+ Kb6 43. Ra8 Rd7 44. Kc4 Bc3 45. Rd3 Rf7 46. Rb8+ Kc7 47. Rg8 h6 48. Kc5 Bd4+ 49. Kxb4 Rf2 50. Rg6 Rxh2 51. Rf3 Rc2 52. Rxh6 Bc5+ 0-1

[Event "Olympiad Women-34"]
[Site "Istanbul"]
[Date "2000.11.02"]
[Round "6.1"]
[White "Caoili, Arianne"]
[Black "Grosar, Kiti"]
[Result "1-0"]
[WhiteElo "2113"]
[BlackElo "2223"]
[PlyCount "139"]
[EventDate "2000.10.28"]
[EventType "team-swiss"]
[EventRounds "14"]
[EventCountry "TUR"]
[SourceTitle "EXT 2001"]
[Source "ChessBase"]
[SourceDate "2000.11.22"]
[SourceVersion "1"]
[SourceVersionDate "2000.11.22"]
[SourceQuality "1"]
[WhiteTeam "Philippines (W)"]
[BlackTeam "Slovenia (W)"]
[WhiteTeamCountry "PHI"]
[BlackTeamCountry "SLO"]

1. Nf3 Nf6 2. c4 g6 3. Nc3 Bg7 4. e4 d6 5. d4 0-0 6. Be2 e5 7. Be3 Qe7 8. dxe5 dxe5 9. Nd5 Nxd5 10. cxd5 Bg4 11. Qb3 c6 12. Rc1 Bxf3 13. Bxf3 Rd8 14. Bc5 Qd7 15. 0-0 b6 16. Be3 c5 17. Qc4 Qd6 18. a3 Nd7 19. b4 cxb4 20. axb4 Bf8 21. Bd2 Nf6 22. Qa6 Qd7 23. Rc6 Ne8 24. Rfc1 Nd6 25. Rc7 Qb5 26. Qa1 Qd3 27. Bg5 Re8 28. h3 Nb5 29. Qa6 Bxb4 30. Rd1 Qxd1+ 31. Bxd1 Nxc7 32. Qc4 Bc5 33. Bb3 Rf8 34. Bf6 Bd6 35. Qc6 Rfd8 36. Bxd8 Rxd8 37. Qb7 Ra8 38. Qc6 Rd8 39. Qb7 Ra8 40. Ba4 Kf8 41. g3 Ke7 42. Qc6 Rd8 43. Qc1 b5 44. Bd1 a5 45. Qg5+ Ke8 46. f4 exf4 47. gxf4 a4 48. Kh1 a3 49. Bb3 Be7 50. Qe5 Rd6 51. Qc3 Kd7 52. Qd4 Ra6 53. Ba2 Ra4 54. Qd3 Bc5 55. Qc2 Na6 56. e5 Rxf4 57. Qe2 Nc7 58. e6+ fxe6 59. dxe6+ Ke7 60. Qg2 Rf5 61. Qc6 Na6 62. Qb7+ Kf6 63. e7 Bxe7 64. Qxa6+ Kg5 65. Qb7 Bd6 66. Qxh7 Rf2 67. h4+ Kg4 68. Qxg6+ Kxh4 69. Qh6+ Kg4 70. Qxd6 1-0

[Event "Olympiad Women-34"]
[Site "Istanbul"]
[Date "2000.10.29"]
[Round "2.1"]
[White "Grosar, Kiti"]
[Black "Voiska, Margarita"]
[Result "1/2-1/2"]
[WhiteElo "2223"]
[BlackElo "2330"]
[PlyCount "63"]
[EventDate "2000.10.28"]
[EventType "team-swiss"]
[EventRounds "14"]
[EventCountry "TUR"]
[SourceTitle "EXT 2001"]
[Source "ChessBase"]
[SourceDate "2000.11.22"]
[SourceVersion "1"]
[SourceVersionDate "2000.11.22"]
[SourceQuality "1"]
[WhiteTeam "Slovenia (W)"]
[BlackTeam "Bulgaria (W)"]
[WhiteTeamCountry "SLO"]
[BlackTeamCountry "BUL"]

1. e4 g6 2. d4 Bg7 3. Nc3 c6 4. Be3 d5 5. Qd2 dxe4 6. Nxe4 Bf5 7. Ng3 Be6 8. Nf3 Bd5 9. Be2 Nd7 10. 0-0 Bxf3 11. Bxf3 Ngf6 12. c4 0-0 13. Rad1 e6 14. Bh6 a5 15. Bxg7 Kxg7 16. Qc3 Qb6 17. h4 Qb4 18. a3 Qxc3 19. bxc3 Rab8 20. Ne4 Nxe4 21. Bxe4 Nf6 22. Bf3 b5 23. c5 Nd5 24. Rd3 Rfd8 25. Rb1 h5 26. g3 Kf6 27. Kg2 Ke7 28. Be4 Rbc8 29. f4 Nf6 30. Bf3 Kd7 31. Rd2 a4 32. Re1 1/2-1/2

[Event "EU-Cup (Women) 05th"]
[Site "Halle"]
[Date "2000.09.24"]
[Round "1.2"]
[White "Skripchenko, Almira"]
[Black "Grosar, Kiti"]
[Result "1/2-1/2"]
[WhiteElo "2450"]
[BlackElo "2223"]
[PlyCount "100"]
[EventDate "2000.09.24"]
[EventType "team-swiss"]
[EventRounds "7"]
[EventCountry "GER"]
[SourceTitle "EXT 2013"]
[Source "ChessBase"]
[SourceDate "2012.11.22"]
[SourceVersion "1"]
[SourceVersionDate "2012.11.22"]
[SourceQuality "1"]
[WhiteTeam "Belgrade BAS (W)"]
[BlackTeam "Nova Gorica (W)"]
[WhiteTeamCountry "YUG"]
[BlackTeamCountry "SLO"]

1. e4 c5 2. Nf3 d6 3. Bb5+ Bd7 4. Bxd7+ Nxd7 5. 0-0 e6 6. d4 Be7 7. c4 Rc8 8. Qe2 cxd4 9. Nxd4 Qc7 10. b3 a6 11. Bb2 Bf6 12. Rd1 Ne7 13. Nc3 0-0 14. Rac1 Rfd8 15. Kh1 Nc6 16. Nxc6 bxc6 17. f4 a5 18. Qg4 e5 19. f5 Nc5 20. Rc2 Rd7 21. Rcd2 Rcd8 22. Ba3 Qa7 23. g3 h6 24. h4 Be7 25. Kg2 Na6 26. Qf3 Nb4 27. Kh3 d5 28. cxd5 Nxd5 29. Bxe7 Nxe7 30. Rxd7 Rxd7 31. f6 Ng6 32. Qg4 Rxd1 33. Nxd1 Qg1 34. Qf3 gxf6 35. Ne3 h5 36. Nf5 Kf8 37. Qg2 Qb1 38. Kh2 Ne7 39. Nd6 f5 40. Qf2 Qd3 41. Nxf5 Qxe4 42. Nxe7 Kxe7 43. Qc5+ Ke6 44. Qxa5 Qe2+ 45. Kg1 Kf5 46. Qa7 Qd1+ 47. Kf2 Qd2+ 48. Kg1 Qd1+ 49. Kf2 Qd2+ 50. Kg1 Qd1+ 1/2-1/2

[Event "CRO-chT (Women)"]
[Site "Pula"]
[Date "2000.09.13"]
[Round "3"]
[White "Madl, Ildiko"]
[Black "Grosar, Kiti"]
[Result "1-0"]
[WhiteElo "2418"]
[BlackElo "2223"]
[PlyCount "51"]
[EventDate "2000.09.??"]
[EventType "team"]
[EventRounds "9"]
[EventCountry "CRO"]
[SourceTitle "CBM 078 Extra"]
[Source "ChessBase"]
[SourceDate "2000.11.10"]
[SourceVersion "1"]
[SourceVersionDate "2000.11.10"]
[SourceQuality "1"]

1. e4 c5 2. Nf3 d6 3. d4 cxd4 4. Nxd4 Nf6 5. Nc3 a6 6. h3 g6 7. Bc4 Bg7 8. Bb3 0-0 9. 0-0 Nbd7 10. Bg5 Nc5 11. Re1 Re8 12. Qd2 b5 13. Bd5 Nxd5 14. exd5 b4 15. Nd1 Bb7 16. c4 Qd7 17. Bh6 Bh8 18. Ne3 a5 19. Rad1 Rac8 20. Ng4 Bg7 21. Bxg7 Kxg7 22. Re2 Qd8 23. Rde1 h5 24. Nf5+ gxf5 25. Qg5+ Kh8 26. Rxe7 1-0

[Event "CRO-chT (Women)"]
[Site "Pula"]
[Date "2000.09.12"]
[Round "2"]
[White "Grosar, Kiti"]
[Black "Cosma, Elena Luminita"]
[Result "1/2-1/2"]
[WhiteElo "2223"]
[BlackElo "2360"]
[PlyCount "36"]
[EventDate "2000.09.??"]
[EventType "team"]
[EventRounds "9"]
[EventCountry "CRO"]
[SourceTitle "CBM 078 Extra"]
[Source "ChessBase"]
[SourceDate "2000.11.10"]
[SourceVersion "1"]
[SourceVersionDate "2000.11.10"]
[SourceQuality "1"]

1. e4 c5 2. Nf3 Nc6 3. d4 cxd4 4. Nxd4 Qc7 5. Nc3 e6 6. Be2 a6 7. Be3 Nf6 8. 0-0 Bb4 9. Na4 Be7 10. Bd3 d6 11. f4 Bd7 12. Nb3 0-0 13. Nb6 Rad8 14. c3 Be8 15. Qf3 Nd7 16. Nxd7 Bxd7 17. Rad1 b5 18. Qg3 Bc8 1/2-1/2